| 000 | 00518agm a2200217 4500 | ||
|---|---|---|---|
| 005 | 20220607140155.0 | ||
| 008 | 150507b xxu||||| |||| 00| 0 spa d | ||
| 041 | _aspa | ||
| 082 | _a277 DVD | ||
| 245 | _aTesoro marino del Pacífico | ||
| 260 | _aCosta Rica | ||
| 260 | _bMertec | ||
| 260 | _c2001 | ||
| 300 | _a54 minutos | ||
| 650 |
_aCOSTA RICA _963486 |
||
| 650 |
_aOCÉANO PACÍFICO _925464 |
||
| 650 |
_aTURISMO _9894 |
||
| 650 |
_aVIDA MARINA _943159 |
||
| 650 |
_a BIODIVERSIDAD _91061 |
||
| 942 | _cDVD | ||
| 999 |
_c9571 _d9571 |
||